Eclipse sin sombras /

Guardado en:
Autor Principal: Sibilla, Victoria
Formato: Libro
Publicado: Buenos Aires : Botella al Mar, 2005
Materias:
Etiquetas: Agregar Etiqueta
Sin Etiquetas, Sea el primero en etiquetar este registro!
LEADER 00565nam a22002055a 4500
001 CEM.cems012715
005 20101213115243.0
008 130507s2005##################000#0#####d
003 CEMS
020 |a 9505133952 
082 0 4 |a A863.4 
100 1 |a Sibilla, Victoria 
245 1 0 |a Eclipse sin sombras /  |c Victoria Sibilla 
260 |a Buenos Aires :  |b Botella al Mar,  |c 2005 
300 |a 152 p. 
653 |a Literatura 
653 |a Literatura argentina 
653 |a Novela 
653 |a Novela argentina 
859 |a CEMS  |b BIB. CEMS - 11 de abril  |h A863.4  |i Si11  |p 23973.07  |t Ej.1